Sens commun : connexions entre des mots #1 - Statistiques

Statistiques générales
  • Ce quiz a été pris 56 fois
    36 depuis la dernière actualisation
  • Le résultat moyen est 6 sur 14
Statistiques - réponses
MOT 1 MOT 2 SYNONYME COMMUN % Correct
Cambrioler Planer Voler
93%
Parfum Carburant Essence
72%
Juste Rectiligne Droit
69%
Stupide Animal Bête
62%
Donjon Circuit Tour
52%
Couette Dissimulation Couverture
45%
Calculer Faire confiance Compter
34%
Mitonner Interroger Cuisiner
31%
Richesse Chance Fortune
28%
Soutenir Tolérer Supporter
28%
Grade Queue (file) Rang
21%
Soin Presbytère Cure
14%
Contour Dirigeant Cadre
10%
Essayer Ressentir Eprouver
3%
Aucun quiz correspondant
Distribution des résultats
% des personnes avec chaque résultat
Percentile par nombre de réponses
Votre historique - résultats
Vous n’avez pas pris ce quiz depuis la dernière actualisation